01748cam a2200373 i 45000010009000000050017000090080041000260100017000670200042000840400028001260410013001540420008001670430030001750500025002050820017002301000041002472400032002882450144003202640085004643000028005493360026005773370028006033380027006314900041006585040067006995050356007666500028011226500032011506500028011826500039012106510037012496510044012866510044013302015816720250319111825.0171130s2018 enk b 001 0 eng  a 2017057547 a9781108482714 (hardback : alk. paper) aDLCbengcDLCerdadDLC1 aenghfre apcc ae-fr---an-us---acl-----00aK487.P65bG3613 201800a340.115bGAR1 aGarcía Villegas, Mauricioeauthor.10aPouvoirs du droit.lEnglish14aThe powers of law :ba comparative analysis of sociopolitical legal studies /cMauricio García Villegas, National University of Colombia. 1aCambridge, United Kingdom ;aNew York, NY :bCambridge University Press,c[2018] axi, 219 pages ;c24 cm. atextbtxt2rdacontent aunmediatedbn2rdamedia avolumebnc2rdacarrier0 aCambridge studies in law and society aIncludes bibliographical references (pages 162-211) and index.0 aA sociopolitical understanding of law -- The symbolic uses of law : at the heart of a political sociology of law -- Legal fields and the social sciences in France and the United States -- Sociopolitical legal studies in the United States -- Sociopolitical legal studies in France -- Conclusion : the present and future of sociopolitical legal studies. 0aLawxPolitical aspects. 0aSociological jurisprudence. 0aPower (Social sciences) 0aEffectiveness and validity of law. 0aFrancexPolitics and government. 0aUnited StatesxPolitics and government. 0aLatin AmericaxPolitics and government.